000 00328nam a2200121Ia 4500
008 190722s9999 xx 000 0 und d
020 _a978-81-317-8822-6
100 _aElaine A.Rich
245 0 _aAutomata, Computability & Complexity theory & applications
260 _aNew Delhi
_bPearson
_c2015
300 _a1099
942 _cBK
999 _c791
_d791